[Event "Eastern Asia-ch U20"]
[Site "Tagaytay CIty"]
[Date "2017.05.30"]
[Round "4.3"]
[White "Llantada, Kyz"]
[Black "Bersamina, Paulo"]
[Result "0-1"]
[WhiteElo "1985"]
[BlackElo "2419"]
[PlyCount "90"]
[EventDate "2017.05.27"]
[EventType "swiss"]
[EventRounds "9"]
[EventCountry "PHI"]
[SourceTitle "EXT 2024"]
[Source "ChessBase"]
[SourceDate "2023.10.10"]
[SourceVersion "1"]
[SourceVersionDate "2023.10.10"]
[SourceQuality "1"]

1. e4 c6 2. Nc3 d5 3. Nf3 Bg4 4. h3 Bh5 5. exd5 cxd5 6. Bb5+ Nc6 7. g4 Bg6 8. Ne5 Rc8 9. d4 e6 10. h4 f6 11. Nxg6 hxg6 12. Bd3 f5 13. Ne2 Rxh4 14. Rg1 Nf6 15. Bg5 Rh8 16. Nf4 Kf7 17. c3 Bd6 18. gxf5 gxf5 19. Bxf6 Qxf6 20. Qd2 Qh6 21. Ne2 Qxd2+ 22. Kxd2 Rh2 23. Raf1 Rch8 24. a4 a5 25. Bb5 Ne7 26. Kc2 R8h3 27. Nc1 Ng8 28. Be2 Nf6 29. Nd3 Ne4 30. Kd1 Rxd3+ 31. Bxd3 Nxf2+ 32. Rxf2 Rxf2 33. Be2 Rh2 34. Rg5 g6 35. b3 Kf6 36. Rg1 g5 37. c4 Rh4 38. cxd5 Rxd4+ 39. Kc2 Rxd5 40. Rh1 Bb4 41. Bc4 Rd6 42. Rd1 Rxd1 43. Kxd1 b6 44. Kc2 g4 45. Ba6 e5 0-1

[Event "Eastern Asia-ch U20"]
[Site "Tagaytay CIty"]
[Date "2017.05.28"]
[Round "2.4"]
[White "Llantada, Kyz"]
[Black "Teh, Eu Wen Aron"]
[Result "0-1"]
[WhiteElo "1985"]
[BlackElo "2285"]
[PlyCount "62"]
[EventDate "2017.05.27"]
[EventType "swiss"]
[EventRounds "9"]
[EventCountry "PHI"]
[SourceTitle "EXT 2024"]
[Source "ChessBase"]
[SourceDate "2023.10.10"]
[SourceVersion "1"]
[SourceVersionDate "2023.10.10"]
[SourceQuality "1"]

1. e4 e6 2. d4 d5 3. Nc3 Bb4 4. e5 c5 5. Bd2 Ne7 6. Nb5 Bxd2+ 7. Qxd2 0-0 8. f4 Bd7 9. Nd6 Qb6 10. 0-0-0 Nbc6 11. dxc5 Qxc5 12. Nxb7 Qb6 13. Nd6 Rab8 14. c3 f6 15. Nf3 fxe5 16. fxe5 Rxf3 17. gxf3 Nxe5 18. f4 Ng4 19. f5 Qxd6 20. fxe6 Bxe6 21. Re1 Ne5 22. Qe3 N7c6 23. Rg1 Bf5 24. Rd1 Kh8 25. Qg3 g6 26. Bg2 Nb4 27. cxb4 Rc8+ 28. Kd2 Qxb4+ 29. Ke3 Ng4+ 30. Ke2 Rc2+ 31. Kf1 Qc4+ 0-1

[Event "Asia-ch U18 16th"]
[Site "Singapore"]
[Date "2015.06.11"]
[Round "4.1"]
[White "Lu, Chan Hung"]
[Black "Llantada, Kyz"]
[Result "1-0"]
[WhiteElo "2113"]
[BlackElo "2067"]
[PlyCount "187"]
[EventDate "2015.06.09"]
[EventType "swiss"]
[EventRounds "9"]
[EventCountry "SIN"]
[SourceTitle "EXT 2024"]
[Source "ChessBase"]
[SourceDate "2023.10.10"]
[SourceVersion "1"]
[SourceVersionDate "2023.10.10"]
[SourceQuality "1"]

1. c4 e5 2. g3 Nc6 3. Bg2 f5 4. Nc3 Nf6 5. d3 Bb4 6. Bd2 Bxc3 7. Bxc3 d6 8. Nf3 0-0 9. b4 Qe8 10. b5 Nd8 11. e3 f4 12. exf4 exf4+ 13. Qe2 Qh5 14. Bxf6 Rxf6 15. Nd4 Qe5 16. Bd5+ Kf8 17. Qxe5 dxe5 18. Nf3 c6 19. bxc6 bxc6 20. Be4 fxg3 21. hxg3 Nf7 22. Rxh7 Rb8 23. Nd2 Bd7 24. Rb1 Rxb1+ 25. Nxb1 Rh6 26. Rxh6 Nxh6 27. Nd2 Ke7 28. c5 Nf7 29. Nc4 Kf6 30. Ke2 Ng5 31. Na5 Ne6 32. Nb3 Nc7 33. Ke3 Ke6 34. Bg2 Be8 35. a3 Nb5 36. a4 Nc3 37. a5 Nd5+ 38. Kd2 Bg6 39. f4 Nb4 40. Be4 Bf7 41. Ke2 Kf6 42. Nd2 Nc2 43. fxe5+ Kxe5 44. Nf3+ Kf6 45. Bxc6 Bh5 46. Bb7 Nd4+ 47. Ke3 Bxf3 48. Bxf3 Ke5 49. c6 Nf5+ 50. Kf2 Kd6 51. Bg2 Nd4 52. Ke3 Nb3 53. a6 Nc5 54. Kd4 Nxa6 55. Kc4 Nc7 56. d4 g6 57. g4 g5 58. Bf3 Ne8 59. Kb4 Nc7 60. Be4 Ne6 61. Kc4 Nc7 62. Bh1 Ne8 63. Bg2 Nc7 64. Be4 Ne8 65. Kb5 Nc7+ 66. Kb4 Ne6 67. Kc3 Nc7 68. Kc4 Ne8 69. Bf3 Nc7 70. Bh1 Ne8 71. Bg2 Nc7 72. Be4 Ne8 73. Bg2 Nc7 74. Bf3 Ne8 75. Kd3 Nf6 76. d5 Kc7 77. Kc4 Ne8 78. Kb5 Nd6+ 79. Ka6 Kb8 80. Be2 Ne8 81. Bc4 Nd6 82. Bd3 Ne8 83. Bc4 Nd6 84. Bb3 Ne8 85. Kb5 Kc7 86. Kc5 Nd6 87. Kd4 Nf7 88. Ke4 Kd6 89. Kf5 Ke7 90. Kg6 a5 91. Ba4 Nd6 92. Kxg5 Ne4+ 93. Kh6 Nc5 94. c7 1-0

[Event "PHI-ch U18"]
[Site "San Antonio"]
[Date "2014.04.25"]
[Round "9"]
[White "Evangelista, Paul Robert"]
[Black "Llantada, Kyz"]
[Result "1-0"]
[WhiteElo "2096"]
[BlackElo "2148"]
[PlyCount "49"]
[EventDate "2014.04.21"]
[EventType "swiss"]
[EventRounds "13"]
[EventCountry "PHI"]
[SourceTitle "CBM 160 Extra"]
[Source "ChessBase"]
[SourceDate "2014.07.01"]
[SourceVersion "1"]
[SourceVersionDate "2014.07.01"]
[SourceQuality "1"]

1. e4 c5 2. Nc3 d6 3. g3 Nf6 4. Bg2 g6 5. d3 Bg7 6. h3 Nc6 7. Be3 0-0 8. f4 Bd7 9. Nge2 Rb8 10. 0-0 b5 11. Qd2 Ne8 12. f5 Nd4 13. Rae1 gxf5 14. Bh6 b4 15. Nd5 e6 16. Bxg7 Nxg7 17. Nxd4 cxd4 18. exf5 f6 19. fxe6 Bxe6 20. Qh6 Bxd5 21. Bxd5+ Kh8 22. Rf4 Qd7 23. Rxf6 Rxf6 24. Qxf6 a5 25. Re7 1-0